Zborník Slovenského národného múzea Etnografia

Bibliographic Details
Previous Title:Sborník Slovenského národného múzea
Other Authors: Králiková, Eva, 1946- (Compiler), Zelinová, Hana, 1955- (Compiler), Halmová, Mária, 1955- (Compiler), Kiripolská, Anna (Compiler), Pastieriková, Marta, 1952- (Compiler), Gazdíková, Alžbeta (Compiler), Pančuhová, Eva, 1950- (Compiler), Mruškovič, Štefan, 1932-2016 (Compiler), Krištek, Igor, 1936-2015 (Compiler), Horváth, Stanislav, 1948- (Compiler), Strelec, Karol J., 1946-2023 (Compiler), Očková, Katarína, 1980- (Compiler), Ferklová, Daša (Compiler), Segľová Mušinková, Lucia, 1976- (Compiler)
Format: Serial
Language:Slovak
Czech
English
Polish
PhysicalDescription:zv. fotogr., ilustr. 24 cm
Published: Martin Stredoslovenské vydavateľstvo 1962-
Martin Osveta Slovenské národné múzeum
V Bratislave Slovenské národné múzeum
V Martine
ISBN:8080601046 (brož. : roč. XCVI/2002)
8080601135 (brož. : roč. XCVII/2003)
8080601445 (brož. : roč. XCVIII/2004)
8080601666 (brož. : roč. XCIX/2005)
9788080602130 (brož. : roč. CI/2007)
9788080602253 (brož. : roč. CII/2008)
9788080602406 (brož. : roč. CIII/2009)
9788080602567 (brož. : roč. CIV/2010)
9788080602741 (brož. : roč. CV/2011)
9788080602925 (brož. : roč. CVI/2012)
9788080603724 (brož. : roč. CIX/2015)
8085753715 (brož. : roč. 90/1996)
8085753995 (brož. : roč. 91/1997)
8080600112 (brož. : roč. 92/1998)
8080600287 (brož. : roč. 93/1999)
8080600570 (brož. : roč. 94/2000)
8080600821 (brož. : roč. 95/2001)
9788080603465 (brož. : roč. CVIII/2014)
9788080603113 (brož. : roč. CVII/2013)
8080601909 (brož. : roč. C/2006)
8021702435 (brož. : roč. 85/1991)
8085753324 (brož. : roč. 88/1994)
8085753529 (brož. : roč. 89/1995)
8021702095 (brož. : roč. 84/1990)
8085753049 (brož. : roč. 87/1993)
9788080603878 (brož. : roč. CX/2016)
9788080604219 (brož. : roč. CXI/2017)
9788080604417 (brož. : roč. CXII/2018)
9788080604653 (brož. : roč. CXIII/2019)
9788080604950 (brož. : roč. CXIV/2020)
9788080605162 (brož. : roč. CXV/2021)
9788080605360 (brož. : roč. CXVI/2022)
9788080605704 (brož. : roč. CXVII/2023)
9788080605919 (brož. : roč. CXVIII/2024)
ISSN:0139-5475
Subjects:

MARC

LEADER 00000cas a2200000 a 4500
001 vtls001475387
003 SK-MaSNL
005 20260425194115.0
008 181128c19629999xo ar h 0000b0slo
015 |a SNB2005/04-00986 (roč. XCVI/2002)  |a SNB2005/04-00987 (roč. XCVII/2003)  |a SNB2005/04-00988 (roč. XCVIII/2004)  |a SNB2006/01-00263 (roč. XCIX/2005)  |a SNB2008/03-01176 (roč. CI/2007)  |a SNB2009/04-01543 (roč. CII/2008)  |a SNB2010/02-00906 (roč. CIII/2009)  |a SNB2011/02-01180 (roč. CIV/2010)  |a SNB2012/04-01215 (roč. CV/2011)  |a SNB2012/04-01398 (roč. CVI/2012)  |a SNBB2014-(roč. CVII/2013)  |a SNB2015-(roč. C/2006, roč. CVIII/2014)  |a SNB2016-(roč. CIX/2015)  |a SNB2017-(roč. CX/2016)  |a SNB2018-(roč. CXI/2017)  |a SNB2019-(roč. CXII/2018)  |a SNB2020-(roč. CXIII/2019)  |a SNB2021-(roč. CXIV/2020)  |a SNB2023-(roč. CXV/2021)  |a SNB2024-(roč. CXVI/2022, roč. CXVII/2023)  |a SNB2025-(roč. CXVIII/2024) 
015 |a SKSNBA1975/08-01729 (roč. 69/1975)  |a SNBA1977 (roč. 71/1977)  |a SNBA1980 (roč. 74/1980)  |a SNBA1981/10 (roč. 75/1981)  |a SNBA1982/07 (roč. 76/1982)  |a SNBA1983/05 (roč. 77/1983)  |a SNBA1984/09 (roč. 78/1984)  |a SNBA1985/11 (roč. 79/1985)  |a SNBA1987/01 (roč. 80/1986)  |a SNBA1989/03 (roč. 82/1988)  |a SNBA1989/11 (roč. 83/1989)  |a SNBA1991/04 (roč. 84/1990)  |a SNBA1991/10 (roč. 85/1991)  |a SNBA1993/08 (roč. 87/1993)  |a SNBA1994/12 (roč. 88/1994)  |a SNBA1996/1103016 (roč. 89/1995)  |a SNBA1997/0701893 (roč. 90/1996)  |a SNBA1999/03-00945 (roč. 91/1997)  |a SNBA2000/01-00280 (roč. 92/1998)  |a SNBA2000/09-02993 (roč. 93/1999)  |a SNBA2002/01-00124 (roč. 94/2000)  |a SNBA2004/04-02795 (roč. 95/2001) 
020 |a 8080601046 (brož. : roč. XCVI/2002) 
020 |a 8080601135 (brož. : roč. XCVII/2003) 
020 |a 8080601445 (brož. : roč. XCVIII/2004) 
020 |a 8080601666 (brož. : roč. XCIX/2005) 
020 |a 9788080602130 (brož. : roč. CI/2007) 
020 |a 9788080602253 (brož. : roč. CII/2008) 
020 |a 9788080602406 (brož. : roč. CIII/2009) 
020 |a 9788080602567 (brož. : roč. CIV/2010) 
020 |a 9788080602741 (brož. : roč. CV/2011) 
020 |a 9788080602925 (brož. : roč. CVI/2012) 
020 |a 9788080603724 (brož. : roč. CIX/2015) 
020 |a 8085753715 (brož. : roč. 90/1996) 
020 |a 8085753995 (brož. : roč. 91/1997) 
020 |a 8080600112 (brož. : roč. 92/1998) 
020 |a 8080600287 (brož. : roč. 93/1999) 
020 |a 8080600570 (brož. : roč. 94/2000) 
020 |a 8080600821 (brož. : roč. 95/2001) 
020 |a 9788080603465 (brož. : roč. CVIII/2014) 
020 |a 9788080603113 (brož. : roč. CVII/2013) 
020 |a 8080601909 (brož. : roč. C/2006) 
020 |a 8021702435 (brož. : roč. 85/1991) 
020 |a 8085753324 (brož. : roč. 88/1994) 
020 |a 8085753529 (brož. : roč. 89/1995) 
020 |a 8021702095 (brož. : roč. 84/1990) 
020 |a 8085753049 (brož. : roč. 87/1993) 
020 |a 9788080603878 (brož. : roč. CX/2016) 
020 |a 9788080604219 (brož. : roč. CXI/2017) 
020 |a 9788080604417 (brož. : roč. CXII/2018) 
020 |a 9788080604653 (brož. : roč. CXIII/2019) 
020 |a 9788080604950 (brož. : roč. CXIV/2020) 
020 |a 9788080605162 (brož. : roč. CXV/2021) 
020 |a 9788080605360 (brož. : roč. CXVI/2022) 
020 |a 9788080605704 (brož. : roč. CXVII/2023) 
020 |a 9788080605919 (brož. : roč. CXVIII/2024) 
022 |a 0139-5475 
035 |a SNK000430688 
035 |a (SVKBBclas03)vtls000307166 
040 |a SNK  |b slo  |c SNK  |e AACR2 
041 0 |a slo  |a cze  |a eng  |a pol  |b eng  |b slo 
043 |a e-xo--- 
044 |a xo  |c SK 
072 7 |a 39  |x Etnológia. Etnografia. Folklór  |2 konspekt 
072 7 |a 069  |x Múzeá. Muzeológia. Múzejníctvo. Výstavy  |2 konspekt 
080 |a 069.5  |2 2011 
080 |a (082)  |2 2011 
080 |a 050  |2 2011 
080 |a 39  |2 2011 
210 0 |a Zb. Slov. nár. múz., Etnogr. 
222 0 |a Zborník Slovenského národného múzea. Etnografia 
245 0 0 |a Zborník Slovenského národného múzea  |p Etnografia 
246 1 0 |a Etnografia 
246 1 3 |a Zborník Slovenského národného múzea v Martine  |p Etnografia  |f roč. XCVIII (2004)- 
246 1 1 |a Sbornik Slovackogo nacional'nogo muzeja 
246 1 1 |a Jahrbuch des Slowakischen Nationalmuseums 
246 1 3 |a Sborník Slovenského národného múzea. Etnografia 
260 |a Martin  |b Stredoslovenské vydavateľstvo  |c 1962- 
260 2 |3 19??-1993  |a Martin  |b Osveta  |b Slovenské národné múzeum  |f Tlačiarne SNP 
260 2 |3 1994-2013  |a V Bratislave  |b Slovenské národné múzeum 
260 3 |3 2014-  |a V Martine  |b Slovenské národné múzeum 
300 |a zv.  |b fotogr., ilustr.  |c 24 cm 
310 |a 1x ročne 
362 0 |a 3 = 56 (1962)- 
500 |a Do r. 1967: Sborník Slovenského národného múzea. Etnografia. Má dvojité číslovanie ročníkov: roč. 3=56 (1962), roč. 36=89 (1995) 
500 |a Popis podľa: Roč. XCVI (2002) 
500 |a Odborné red. a zost.: 2001, Eva Králiková, Eva Pančuhová ; 2002-2003, Eva Králiková ; 2003, Hana Zelinová ; 2004-2008, Mária Halmová ; 2009, Anna Kiripolská ; 2010, Marta Pastieriková ; 2011, Alžbeta Gazdíková ; 2012, Mária Halmová, Anna Kiripolská ; 2013, 2018-2020, Mária Halmová ; 2014, Mária Halmová, Katarína Očková ; 2015, Hana Zelinová ; 2016, Mária Halmová, Anna Kiripolská ; 2017, Dáša Ferklová ; 2021-2024, Lucia Segľová Mušinková 
500 |a Vydané pre SNM - Etnografické múzeum v Martine 
500 |a Roč. XCIX (2005) obsahuje Bibliogr. prehľad vydaní ... a menný a tematický reg. za roky 1995-2004 
500 |a Od roč. XCVIII (2004) názov: Zborník Slovenského národného múzea v Martine 
500 |a Zost.: 1991-1999, Eva Králiková ; 2000, Eva Králiková, Eva Pančuhová 
500 |a Zost.: 1975,1977, Štefan Mruškovič ; 1980-1985, Igor Krištek ; 1986, 1989, 1990, Stanislav Horváth ; 1988, Karol Strelec 
500 |a Roč. CIX (2015) obsahuje Bibliografiu príspevkov zborníka SNM - Etnografia za roky 2005-2014 a autorsko-menný a tematický reg. 
500 |a Od roku 2014 vydáva Slovenské národné múzeum v Martine 
504 |a Bibliogr. odkazy ; pozn. 
546 |a Čiast. text aj čes., angl., poľ. ; Súhrny v angličtine alebo slovenčine 
650 0 7 |a etnografia  |2 SNKPH  |9 950 
650 0 7 |a múzejné zbierky  |2 SNKPH  |9 69988 
650 0 7 |a Ethnography  |2 SNKPHeng  |9 265262 
650 0 7 |a Museum collections  |2 SNKPHeng  |9 265953 
651 7 |a Slovensko  |2 SNKPHgeo  |9 14231 
651 7 |a Slovakia  |2 SNKPHeng  |9 92630 
655 7 |a zborníky  |2 SNKPH  |9 70165 
655 7 |a Papers  |2 SNKPHeng  |9 265431 
700 1 |a Králiková, Eva,  |d 1946-  |4 com  |9 209511 
700 1 |a Zelinová, Hana,  |d 1955-  |4 com  |9 104568 
700 1 |a Halmová, Mária,  |d 1955-  |4 com  |9 231701 
700 1 |a Kiripolská, Anna  |4 com  |9 267786 
700 1 |a Pastieriková, Marta,  |d 1952-  |4 com  |9 104494 
700 1 |a Gazdíková, Alžbeta  |4 com  |9 9195 
700 1 |a Pančuhová, Eva,  |d 1950-  |4 com  |9 213983 
700 1 |a Mruškovič, Štefan,  |d 1932-2016  |4 com  |9 161721 
700 1 |a Krištek, Igor,  |d 1936-2015  |4 com  |9 163397 
700 1 |a Horváth, Stanislav,  |d 1948-  |4 com  |9 118730 
700 1 |a Strelec, Karol J.,  |d 1946-2023  |4 com  |9 223845 
700 1 |a Očková, Katarína,  |d 1980-  |4 com  |9 243365 
700 1 |a Ferklová, Daša  |4 com  |9 8961 
700 1 |a Segľová Mušinková, Lucia,  |d 1976-  |4 com  |9 57518 
752 |a Slovensko  |d Martin 
780 0 0 |t Sborník Slovenského národného múzea  |w vtls010208312 
910 |a snk 
910 |a savuk 
916 |a 1962-2016, 2017, 2018, 2019, 2020, 2021 
919 |a 80-8060-104-6 
919 |a 80-8060-113-5 
919 |a 80-8060-144-5 
919 |a 80-8060-166-6 
919 |a 978-80-8060-213-0 
919 |a 978-80-8060-225-3 
919 |a 978-80-8060-240-6 
919 |a 978-80-8060-256-7 
919 |a 978-80-8060-274-1 
919 |a 978-80-8060-292-5 
919 |a 80-217-0243-5 
919 |a 80-85753-04-9 
919 |a 80-85753-32-4 
919 |a 80-85753-52-9 
919 |a 80-85753-71-5 
919 |a 80-85753-99-5 
919 |a 80-8060-011-2 
919 |a 80-8060-028-7 
919 |a 80-8060-057-0 
919 |a 80-217-0042-4 
919 |a 80-217-0209-5 
919 |a 978-80-8060-311-3 
919 |a 978-80-8060-346-5 
919 |a 80-8060-190-9 
919 |a 978-80-8060-372-4 
919 |a 978-80-8060-387-8 
919 |a 978-80-8060-421-9 
919 |a 978-80-8060-441-7 
919 |a 978-80-8060-465-3 
919 |a 978-80-8060-495-0 
919 |a 978-80-8060-516-2 
919 |a 978-80-8060-536-0 
919 |a 978-80-8060-570-4 
919 |a 978-80-8060-591-9 
958 |a NB 
999 |c 4085  |d 6015 
952 |a SNK  |b SNK  |y PREZ  |7 0  |p 17A0038101  |o snkČSC 5/59(3)/1965  |i snkKSP 4393/1965  |8 0  |f 1  |0 0  |1 0  |4 0  |d 1997-02-13  |l 0  |r 2005-01-02 00:00:00  |w 2026-02-21 
952 |t 90(37)/1996  |a SNK  |b SNK  |y NEVYP  |7 0  |o snkC 719  |i snk1302/970327  |0 0  |1 0  |4 0  |d 1997-03-20  |l 0  |r 2005-01-02 00:00:00  |w 2026-02-21 
952 |a SNK  |b SNK  |y PREZ  |7 0  |p 17A0075621  |o snkČSC 5/B/90(37)/1996  |i snkKSP 2939/97  |8 0  |f 1  |0 0  |1 0  |4 0  |d 1997-03-20  |l 0  |r 2005-01-02 00:00:00  |w 2026-02-21 
952 |a SNK  |b SNK  |y PREZ  |7 0  |p 17A0055167  |o snkČSC 5/B/90(37)/1996 D1  |i snkKSP 2940/97  |8 0  |0 0  |1 0  |4 0  |d 1997-03-20  |l 0  |r 2005-01-02 00:00:00  |w 2026-02-21 
952 |a SNK  |b SNK  |y PREZ  |7 0  |p 17A0220946  |o snkČSC 5/B/86(33)/1992  |i snkKSP 1233/1993  |8 0  |0 0  |1 0  |4 0  |d 1999-12-07  |l 0  |r 2005-01-02 00:00:00  |w 2026-02-21 
952 |a SNK  |b SNK  |y PREZ  |7 0  |p 17A0220914  |o snkČSC 5/B/86(33)/1992/príl.  |i snkKSP 1233/1993  |8 0  |0 0  |1 0  |4 0  |d 1999-12-07  |l 0  |r 2005-01-02 00:00:00  |w 2026-02-21 
952 |a SNK  |b SNK  |y PREZ  |7 0  |p 17A0225204  |o snkČSC 5/B/92(39)/1998  |i snkKSP 11893/1999  |8 0  |0 0  |1 0  |4 0  |d 1999-12-01  |l 0  |r 2005-01-02 00:00:00  |w 2026-02-21 
952 |a SNK  |b SNK  |y PREZ  |7 0  |p 17A0219621  |o snkČSC 5/B/92(39)/1998 D1  |i snkKSP 11894/99  |8 0  |0 0  |1 0  |4 0  |d 1999-12-01  |l 0  |r 2005-01-02 00:00:00  |w 2026-02-21 
952 |a SNK  |b SNK  |y PREZ  |7 0  |p 17A0477624  |o snkČSC 5/B/99(46)/2005  |i snk2005/19414  |8 0  |f 1  |0 0  |1 0  |4 0  |d 2005-11-15  |l 0  |r 2026-02-21 19:30:29  |w 2026-02-21 
952 |a SNK  |b SNK  |y PREZ  |7 0  |p 17A0477625  |o snkČSC 5/B/99(46)/2005 D1  |i snk2005/19415  |8 0  |0 0  |1 0  |4 0  |d 2005-11-15  |l 0  |r 2026-02-21 19:30:29  |w 2026-02-21 
952 |a SNK  |b SNK  |y PREZ  |7 0  |p 17A0635621  |o snkČSC 5/B/103(50)/2009  |i snk2010/6209  |8 0  |f 1  |0 0  |1 0  |4 0  |d 2010-03-26  |l 0  |r 2026-02-21 19:32:13  |w 2026-02-21 
952 |a SNK  |b SNK  |y PREZ  |7 0  |p 17A0635622  |o snkČSC 5/B/103(50)/2009 D1  |i snk2010/6212  |8 0  |0 0  |1 0  |4 0  |d 2010-03-26  |l 0  |r 2026-02-21 19:32:14  |w 2026-02-21 
952 |a SNK  |b SNK  |y PREZ  |7 0  |p 17A0431088  |o snkČSC 5/B/96(43)/2002 D1  |i snkPV 767/2004  |0 0  |1 0  |4 0  |d 2004-05-24  |l 0  |r 2005-01-02 00:00:00  |w 2026-02-21 
952 |a SNK  |b SNK  |y PREZ  |7 0  |p 17A0129816  |o snkČSC 5/B/85(32)/1991 D1  |0 0  |1 0  |4 0  |d 1998-03-19  |l 0  |r 2004-12-31 00:00:00  |w 2026-02-21 
952 |a SNK  |b SNK  |y PREZ  |7 0  |p 17A0240069  |o snkČSC 5/B/85(32)/1991  |i snkKSP 7127/1991  |0 0  |1 0  |4 0  |d 2000-08-15  |l 0  |r 2004-12-31 00:00:00  |w 2026-02-21 
952 |a SNK  |b SNK  |y PREZ  |7 0  |p 17A0143977  |o snkČSC 5/B/84(31)/1990 D1  |0 0  |1 0  |4 0  |d 1998-06-19  |l 0  |r 2004-12-31 00:00:00  |w 2026-02-21 
952 |a SNK  |b SNK  |y PREZ  |7 0  |p 17A0240070  |o snkČSC 5/B/84(31)/1990  |i snkKSP 1794/1991  |f 1  |0 0  |1 0  |4 0  |d 2000-08-15  |l 0  |r 2004-12-31 00:00:00  |w 2026-02-21 
952 |a SNK  |b SNK  |y PREZ  |7 0  |p 17A0248966  |o snkČSC 5/B/93/1999  |i snkKSP 6591/2000  |0 0  |1 0  |4 0  |d 2000-06-30  |l 0  |r 2005-01-02 00:00:00  |w 2026-02-21 
952 |a SNK  |b SNK  |y PREZ  |7 0  |p 17A0244337  |o snkČSC 5/B/93/1999 D1  |i snkKSP 6592/2000  |0 0  |1 0  |4 0  |d 2000-06-30  |l 0  |r 2005-01-02 00:00:00  |w 2026-02-21 
952 |a SNK  |b SNK  |y PREZ  |7 0  |p 17A0431087  |o snkČSC 5/B/96(43)/2002  |i snkPV 766/2004  |0 0  |1 0  |4 0  |d 2004-05-24  |l 0  |r 2005-01-02 00:00:00  |w 2026-02-21 
952 |a SNK  |b SNK  |y PREZ  |7 0  |p 17A0431089  |o snkČSC 5/B/97(44)/2003  |i snk768/2004  |f 1  |0 0  |1 0  |4 0  |d 2004-05-24  |l 0  |r 2005-01-02 00:00:00  |w 2026-02-21 
952 |a SNK  |b SNK  |y PREZ  |7 0  |p 17A0431090  |o snkČSC 5/B/97(44)/2003 D1  |i snkPV 769/2004  |0 0  |1 0  |4 0  |d 2004-05-24  |l 0  |r 2005-01-02 00:00:00  |w 2026-02-21 
952 |a SNK  |b SNK  |y PREZ  |7 0  |p 17A1522280  |o snkČSC 5/B/116(63)/2022  |i snk2024/3260  |8 0  |0 0  |1 0  |4 0  |d 2024-02-26  |l 0  |r 2026-02-21 19:49:43  |w 2026-02-21 
952 |a SNK  |b SNK  |y PREZ  |7 0  |p 17A1522281  |o snkČSC 5/B/116(63)/2022 D1  |i snk2024/3261  |8 0  |0 0  |1 0  |4 0  |d 2024-02-26  |l 0  |r 2026-02-21 19:49:44  |w 2026-02-21 
952 |a SNK  |b SNK  |y PREZ  |7 0  |p 17A1556227  |o snkČSC 5/B/118(65)/2024  |i snk2025/13180  |8 0  |0 0  |1 0  |4 0  |d 2025-08-19  |l 0  |r 2026-02-21 19:49:45  |w 2026-02-21 
952 |a SNK  |b SNK  |y PREZ  |7 0  |p 17A1556228  |o snkČSC 5/B/118(65)/2024 D1  |i snk2025/13181  |8 0  |0 0  |1 0  |4 0  |d 2025-08-19  |l 0  |r 2026-02-21 19:49:45  |w 2026-02-21 
952 |a SNK  |b SNK  |y PREZ  |7 0  |p 17A1524120  |o snkČSC 5/B/117(64)/2023  |i snk2024/14039  |8 0  |0 0  |1 0  |4 0  |d 2024-09-10  |l 0  |r 2026-02-21 19:57:53  |w 2026-02-21 
952 |a SNK  |b SNK  |y PREZ  |7 0  |p 17A1524121  |o snkČSC 5/B/117(64)/2023 D1  |i snk2024/14040  |8 0  |0 0  |1 0  |4 0  |d 2024-09-10  |l 0  |r 2026-02-21 19:57:53  |w 2026-02-21 
952 |a SNK  |b SNK  |y PREZ  |7 0  |p 17A0679499  |o snkČSC 5/B/104(51)/2010 D1  |i snk2011/8769  |8 0  |0 0  |1 0  |4 0  |d 2011-04-14  |l 0  |r 2026-02-21 20:06:10  |w 2026-02-21 
952 |a SNK  |b SNK  |y PREZ  |7 0  |p 17A0495557  |o snkČSC 5/71(18)/1977 D1  |i snkKSP 2953/77  |0 0  |1 0  |4 0  |d 2006-01-27  |l 0  |r 2026-02-21 20:07:00  |w 2026-02-21 
952 |a SNK  |b SNK  |y PREZ  |7 0  |p 17A0011585  |o snkČSC 5/B/89(36)/1995 D1  |i snkKSP 7830/96  |0 0  |1 0  |4 0  |d 1996-09-25  |l 0  |r 2005-01-01 00:00:00  |w 2026-02-21 
952 |a SNK  |b SNK  |y PREZ  |7 0  |p 17A0352423  |o snkČSC 5/B/95(42)/2001 D1  |i snkKSP 9277/2002  |0 0  |1 0  |4 0  |d 2002-08-05  |l 0  |r 2005-01-02 00:00:00  |w 2026-02-21 
952 |a SNK  |b SNK  |y PREZ  |7 0  |p 17A1464487  |o snkČSC 5/B/115(62)/2021  |i snk2023/498  |8 0  |f 1  |0 0  |1 0  |4 0  |d 2023-01-13  |l 0  |r 2026-02-21 20:10:51  |w 2026-02-21 
952 |a SNK  |b SNK  |y PREZ  |7 0  |p 17A1464488  |o snkČSC 5/B/115(62)/2021 D1  |i snk2023/501  |8 0  |0 0  |1 0  |4 0  |d 2023-01-13  |l 0  |r 2026-02-21 20:10:51  |w 2026-02-21 
952 |a SNK  |b SNK  |y PREZ  |7 0  |p 17A1154705  |o snkČSC 5/66(18)/1972/2 D1  |i snkKSP 3424/73  |0 0  |1 0  |4 0  |d 2019-05-29  |l 0  |r 2026-02-21 20:14:03  |w 2026-02-21 
952 |a SNK  |b SNK  |y PREZ  |7 0  |p 17A0129791  |o snkČSC 5/B/87/1993 D1  |0 0  |1 0  |4 0  |d 1998-03-19  |l 0  |r 2004-12-31 00:00:00  |w 2026-02-21 
952 |a SNK  |b SNK  |y PREZ  |7 0  |p 17A0238939  |o snkČSC 5/B/87/1993  |i snkKSP 6039/1993  |0 0  |1 0  |4 0  |d 2000-05-19  |l 0  |r 2004-12-31 00:00:00  |w 2026-02-21 
952 |a SNK  |b SNK  |y PREZ  |7 0  |p 17A0240067  |o snkČSC 5/B/88/1994 D1  |0 0  |1 0  |4 0  |d 2000-08-15  |l 0  |r 2004-12-31 00:00:00  |w 2026-02-21 
952 |a SNK  |b SNK  |y PREZ  |7 0  |p 17A0240068  |o snkČSC 5/B/88/1994   |i snkKSP 10959/1994  |0 0  |1 0  |4 0  |d 2000-08-15  |l 0  |r 2004-12-31 00:00:00  |w 2026-02-21 
952 |a SNK  |b SNK  |y PREZ  |7 0  |p 17A0143825  |o snkČSC 5/B/82(29)/1988 D1  |i snkKSP 725/89  |0 0  |1 0  |4 0  |d 1998-06-19  |l 0  |r 2004-12-31 00:00:00  |w 2026-02-21 
952 |a SNK  |b SNK  |y PREZ  |7 0  |p 17A0145215  |o snkČSC 5/B/82(29)/1988  |i snkKSP 724/1989  |f 1  |0 0  |1 0  |4 0  |d 1998-06-20  |l 0  |r 2004-12-31 00:00:00  |w 2026-02-21 
952 |a SNK  |b SNK  |y PREZ  |7 0  |p 17A0145224  |o snkČSC 5/B/83(30)/1989  |i snkKSP 8422/1989  |0 0  |1 0  |4 0  |d 1998-06-20  |l 0  |r 2004-12-31 00:00:00  |w 2026-02-21 
952 |a SNK  |b SNK  |y PREZ  |7 0  |p 17A0331478  |o snkČSC 5/B/83(30)/1989 D2  |i snkKSP 7471/2002  |0 0  |1 0  |4 0  |d 2002-05-27  |l 0  |r 2004-12-31 00:00:00  |w 2026-02-21 
952 |a SNK  |b SNK  |y PREZ  |7 0  |p 17A0079077  |o snkČSC 5/57(4)/1963  |i snkKSP 457/1964  |f 1  |0 0  |1 0  |4 0  |d 1997-07-08  |l 0  |r 2005-01-02 00:00:00  |w 2026-02-21 
952 |a SNK  |b SNK  |y PREZ  |7 0  |p 17A0311087  |o snkČSC 5/57(4)/1963 D1  |0 0  |1 0  |4 0  |d 2001-08-14  |l 0  |r 2005-01-02 00:00:00  |w 2026-02-21 
952 |a SNK  |b SNK  |y PREZ  |7 0  |p 17A0079058  |o snkČSC 5/56(3)/1962  |i snkKSP 2422/1963  |f 1  |0 0  |1 0  |4 0  |d 1997-07-08  |l 0  |r 2005-01-02 00:00:00  |w 2026-02-21 
952 |a SNK  |b SNK  |y PREZ  |7 0  |p 17A0263804  |o snkČSC 5/72(19)/1978 D1  |0 0  |1 0  |4 0  |d 2001-01-09  |l 0  |r 2005-01-02 00:00:00  |w 2026-02-21 
952 |a SNK  |b SNK  |y PREZ  |7 0  |p 17A0086989  |o snkČSC 5/74(21)/1980  |i snk 5912/1980  |f 1  |0 0  |1 0  |4 0  |d 1997-07-24  |l 0  |r 2005-01-02 00:00:00  |w 2026-02-21 
952 |a SNK  |b SNK  |y PREZ  |7 0  |p 17A0143972  |o snkČSC 5/B/83(30)/1989 D1  |i snkKSP 8423/89  |0 0  |1 0  |4 0  |d 2008-01-04  |l 0  |r 2026-02-21 20:28:16  |w 2026-02-21 
952 |a SNK  |b SNK  |y PREZ  |7 0  |p 17A0568740  |o snkČSC 5/61(3)/1967 D1  |i snkKSP 624/68  |3 rekatalogizácia  |0 0  |1 0  |4 0  |d 2007-12-10  |l 0  |r 2026-02-21 20:28:18  |w 2026-02-21 
952 |a SNK  |b SNK  |y PREZ  |7 0  |p 17A0679498  |o snkČSC 5/B/104(51)/2010  |i snk2011/8768  |8 0  |f 1  |0 0  |1 0  |4 0  |d 2011-04-14  |l 0  |r 2026-02-21 20:29:24  |w 2026-02-21 
952 |a SNK  |b SNK  |y PREZ  |7 0  |p 17A0866364  |o snkČSC 5/B/105(52)/2011  |i snk2012/19068  |8 0  |f 1  |0 0  |1 0  |4 0  |d 2012-09-26  |l 0  |r 2026-02-21 20:30:53  |w 2026-02-21 
952 |a SNK  |b SNK  |y PREZ  |7 0  |p 17A0866365  |o snkČSC 5/B/105(52)/2011 D1  |i snk2012/19069  |8 0  |0 0  |1 0  |4 0  |d 2012-09-26  |l 0  |r 2026-02-21 20:30:53  |w 2026-02-21 
952 |a SNK  |b SNK  |y PREZ  |7 0  |p 17A0241821  |o snkČSC 5/80(27)/1986  |i snkKSP 8161/1986  |f 1  |0 0  |1 0  |4 0  |d 2000-05-30  |l 0  |r 2004-12-31 00:00:00  |w 2026-02-21 
952 |a SNK  |b SNK  |y PREZ  |7 0  |p 17A0196109  |o snkČSC 5/77(24)/1983 D1  |0 0  |1 0  |4 0  |d 1999-06-21  |l 0  |r 2004-12-31 00:00:00  |w 2026-02-21 
952 |a SNK  |b SNK  |y PREZ  |7 0  |p 17A0135996  |o snkČSC 5/77(24)/1983  |i snkKSP 3616/1983  |f 1  |0 0  |1 0  |4 0  |d 1998-04-16  |l 0  |r 2004-12-31 00:00:00  |w 2026-02-21 
952 |a SNK  |b SNK  |y PREZ  |7 0  |p 17A0376109  |o snkČSC 5/79(26)/1985  |i snkKSP 8501/1985  |0 0  |1 0  |4 0  |d 2003-03-07  |l 0  |r 2004-12-31 00:00:00  |w 2026-02-21 
952 |a SNK  |b SNK  |y PREZ  |7 0  |p 17A0311184  |o snkČSC 5/76/1982  |i snk5913/1982  |f 1  |0 0  |1 0  |4 0  |d 2001-08-15  |l 0  |r 2004-12-31 00:00:00  |w 2026-02-21 
952 |a SNK  |b SNK  |y PREZ  |7 0  |p 17A0093178  |o snkČSC 5/75/1981 D1  |0 0  |1 0  |4 0  |d 1997-09-18  |l 0  |r 2004-12-31 00:00:00  |w 2026-02-21 
952 |a SNK  |b SNK  |y PREZ  |7 0  |p 17A0155662  |o snkČSC 5/75/1981  |i snk8045/1981  |f 1  |0 0  |1 0  |4 0  |d 1998-08-24  |l 0  |r 2004-12-31 00:00:00  |w 2026-02-21 
952 |a SNK  |b SNK  |y PREZ  |7 0  |p 17A0098941  |o snkČSC 5/65(12)/1971  |i snkKSP 122/1972   |f 1  |0 0  |1 0  |4 0  |d 1997-09-30  |l 0  |r 2005-01-02 00:00:00  |w 2026-02-21 
952 |a SNK  |b SNK  |y PREZ  |7 0  |p 17A0104464  |o snkČSC 5/67(14)/1973  |i snk6144/1973  |f 1  |0 0  |1 0  |4 0  |d 1997-10-21  |l 0  |r 2005-01-02 00:00:00  |w 2026-02-21 
952 |a SNK  |b SNK  |y PREZ  |7 0  |p 17A0106502  |o snkČSC 5/81(28)/1987 D1  |0 0  |1 0  |4 0  |d 1997-10-31  |l 0  |r 2005-01-02 00:00:00  |w 2026-02-21 
952 |a SNK  |b SNK  |y PREZ  |7 0  |p 17A0217230  |o snkČSC 5/81(28)/1987  |i snkKSP 9553/87  |f 1  |0 0  |1 0  |4 0  |d 1999-11-04  |l 0  |r 2005-01-02 00:00:00  |w 2026-02-21 
952 |a SNK  |b SNK  |y PREZ  |7 0  |p 17A1145270  |o snkČSC 5/B/100(47)/2006  |i snk2015/25299  |8 1  |f 1  |0 0  |1 0  |4 0  |d 2015-08-26  |l 0  |r 2026-02-21 20:43:20  |w 2026-02-21 
952 |a SNK  |b SNK  |y PREZ  |7 0  |p 17A1145269  |o snkČSC 5/B/108(55)/2014  |i snk2015/25300  |8 0  |f 1  |0 0  |1 0  |4 0  |d 2015-08-26  |l 0  |r 2026-02-21 20:43:20  |w 2026-02-21 
952 |a SNK  |b SNK  |y PREZ  |7 0  |p 17A1145268  |o snkČSC 5/B/108(55)/2014 D1  |i snk2015/25301  |8 0  |0 0  |1 0  |4 0  |d 2015-08-26  |l 0  |r 2026-02-21 20:43:20  |w 2026-02-21 
952 |a SNK  |b SNK  |y PREZ  |7 0  |p 17A0129874  |o snkČSC 5/74(21)/1980 D1  |0 0  |1 0  |4 0  |d 1998-03-19  |l 0  |r 2004-12-31 00:00:00  |w 2026-02-21 
952 |a SNK  |b SNK  |y PREZ  |7 0  |p 17A0263843  |o snkČSC 5/78(25)/1984 D1  |0 0  |1 0  |4 0  |d 2001-01-04  |l 0  |r 2004-12-31 00:00:00  |w 2026-02-21 
952 |a SNK  |b SNK  |y PREZ  |7 0  |p 17A0121790  |o snkČSC 5/71(18)/1977  |i snkKSP 2952/1977  |f 1  |0 0  |1 0  |4 0  |d 1998-02-06  |l 0  |r 2005-01-02 00:00:00  |w 2026-02-21 
952 |a SNK  |b SNK  |y PREZ  |7 0  |p 17A0121692  |o snkČSC 5/66(13)/1972  |i snkKSP 272/1973  |f 1  |0 0  |1 0  |4 0  |d 1998-02-06  |l 0  |r 2005-01-02 00:00:00  |w 2026-02-21 
952 |a SNK  |b SNK  |y PREZ  |7 0  |p 17A0311091  |o snkČSC 5/66(13)/1972 D1  |0 0  |1 0  |4 0  |d 2001-08-14  |l 0  |r 2005-01-02 00:00:00  |w 2026-02-21 
952 |a SNK  |b SNK  |y PREZ  |7 0  |p 17A0121909  |o snkČSC 5/62(3)/1968  |i snkKSP 5240/1968  |f 1  |0 0  |1 0  |4 0  |d 1998-02-06  |l 0  |r 2005-01-02 00:00:00  |w 2026-02-21 
952 |a SNK  |b SNK  |y PREZ  |7 0  |p 17A0121091  |o snkČSC 5/68(15)/1974  |i snk146/1975  |f 1  |0 0  |1 0  |4 0  |d 1998-02-06  |l 0  |r 2005-01-02 00:00:00  |w 2026-02-21 
952 |a SNK  |b SNK  |y PREZ  |7 0  |p 17A0301603  |o snkČSC 5/68(15)/1974 D1  |0 0  |1 0  |4 0  |d 2001-05-24  |l 0  |r 2005-01-02 00:00:00  |w 2026-02-21 
952 |a SNK  |b SNK  |y PREZ  |7 0  |p 17A0121789  |o snkČSC 5/70(17)/1976  |i snkKSP 4612/1976  |f 1  |0 0  |1 0  |4 0  |d 1998-02-06  |l 0  |r 2005-01-02 00:00:00  |w 2026-02-21 
952 |a SNK  |b SNK  |y PREZ  |7 0  |p 17A0311118  |o snkČSC 5/70(17)/1976 D1  |0 0  |1 0  |4 0  |d 2001-08-14  |l 0  |r 2005-01-02 00:00:00  |w 2026-02-21 
952 |a SNK  |b SNK  |y PREZ  |7 0  |p 17A0121661  |o snkČSC 5/61(3)/1967  |i snkKSP 657/1968  |f 1  |0 0  |1 0  |4 0  |d 1998-02-06  |l 0  |r 2005-01-02 00:00:00  |w 2026-02-21 
952 |a SNK  |b SNK  |y PREZ  |7 0  |p 17A0121748  |o snkČSC 5/60(3)/1966  |i snkKSP 2880/1966  |f 1  |0 0  |1 0  |4 0  |d 1998-02-06  |l 0  |r 2005-01-02 00:00:00  |w 2026-02-21 
952 |a SNK  |b SNK  |y PREZ  |7 0  |p 17A0121236  |o snkČSC 5/73(20)/1979  |i snkKSP 3343/1979  |f 1  |0 0  |1 0  |4 0  |d 1998-02-06  |l 0  |r 2005-01-02 00:00:00  |w 2026-02-21 
952 |a SNK  |b SNK  |y PREZ  |7 0  |p 17A0121788  |o snkČSC 5/69(16)/1975  |i snkKSP 5678/75  |f 1  |0 0  |1 0  |4 0  |d 1998-02-06  |l 0  |r 2005-01-02 00:00:00  |w 2026-02-21 
952 |a SNK  |b SNK  |y PREZ  |7 0  |p 17A0126529  |o snkČSC 5/69(16)/1975 D1  |0 0  |1 0  |4 0  |d 1998-03-02  |l 0  |r 2005-01-02 00:00:00  |w 2026-02-21 
952 |a SNK  |b SNK  |y PREZ  |7 0  |p 17A0121090  |o snkČSC 5/63(10)/1969  |i snkKSP 473/1970  |f 1  |0 0  |1 0  |4 0  |d 1998-02-06  |l 0  |r 2005-01-02 00:00:00  |w 2026-02-21 
952 |a SNK  |b SNK  |y PREZ  |7 0  |p 17A0301568  |o snkČSC 5/63(10)/1969 D1  |0 0  |1 0  |4 0  |d 2001-05-24  |l 0  |r 2005-01-02 00:00:00  |w 2026-02-21 
952 |a SNK  |b SNK  |y PREZ  |7 0  |p 17A0121937  |o snkČSC 5/58(5)/1964  |i snkKSP 6057/1964  |f 1  |0 0  |1 0  |4 0  |d 1998-02-06  |l 0  |r 2005-01-02 00:00:00  |w 2026-02-21 
952 |a SNK  |b SNK  |y PREZ  |7 0  |p 17A0381544  |o snkČSC 5/58(5)/1964 D1  |i snkKSP 6056/1964  |z Etnografia 5  |0 0  |1 0  |4 0  |d 2003-04-29  |l 0  |r 2005-01-02 00:00:00  |w 2026-02-21 
952 |a SNK  |b SNK  |y PREZ  |7 0  |p 17A0121241  |o snkČSC 5/64(11)/1970  |i snkKSP 7116/1970  |f 1  |0 0  |1 0  |4 0  |d 1998-02-06  |l 0  |r 2005-01-02 00:00:00  |w 2026-02-21 
952 |a SNK  |b SNK  |y PREZ  |7 0  |p 17A0265852  |o snkČSC 5/64(11)/1970 D1  |0 0  |1 0  |4 0  |d 2001-01-17  |l 0  |r 2005-01-02 00:00:00  |w 2026-02-21 
952 |a SNK  |b SNK  |y PREZ  |7 0  |p 17A0129785  |o snkČSC 5/B/86(33)/1992 D1  |0 0  |1 0  |4 0  |d 1998-03-19  |l 0  |r 2005-01-02 00:00:00  |w 2026-02-21 
952 |a SNK  |b SNK  |y PREZ  |7 0  |p 17A0129734  |o snkČSC 5/B/86(33)/1992/príl. D1  |0 0  |1 0  |4 0  |d 1998-03-19  |l 0  |r 2005-01-02 00:00:00  |w 2026-02-21 
952 |a SNK  |b SNK  |y PREZ  |7 0  |p 17A0311086  |o snkČSC 5/56(3)/1962 D1  |i snkKSP 2423/63  |0 0  |1 0  |4 0  |d 2001-08-14  |l 0  |r 2005-01-02 00:00:00  |w 2026-02-21 
952 |a SNK  |b SNK  |y PREZ  |7 0  |p 17A0318091  |o snkČSC 5/B/94(41)/2000  |i snkKSP 11627/2001  |f 1  |0 0  |1 0  |4 0  |d 2001-10-08  |l 0  |r 2005-01-02 00:00:00  |w 2026-02-21 
952 |a SNK  |b SNK  |y PREZ  |7 0  |p 17A0318092  |o snkČSC 5/B/94(41)/2000 D1  |i snkKSP 11627/2001  |0 0  |1 0  |4 0  |d 2001-10-08  |l 0  |r 2005-01-02 00:00:00  |w 2026-02-21 
952 |a SNK  |b SNK  |y PREZ  |7 0  |p 17A0495508  |o snkČSC 5/73(20)/1979 D1  |i snkKSP 3344/1979  |0 0  |1 0  |4 0  |d 2006-01-27  |l 0  |r 2026-02-21 21:09:10  |w 2026-02-21 
952 |a SNK  |b SNK  |y PREZ  |7 0  |p 17A0495012  |o snkČSC 5/59(3)/1965 D1  |i snkKSP 4394/64  |0 0  |1 0  |4 0  |d 2006-01-21  |l 0  |r 2026-02-21 21:09:39  |w 2026-02-21 
952 |a SNK  |b SNK  |y PREZ  |7 0  |p 17A0351695  |o snkČSC 5/65(12)/1971 D1  |i snkKSP 123/1972  |0 0  |1 0  |4 0  |d 2005-02-15  |l 0  |r 2026-02-21 21:10:31  |w 2026-02-21 
952 |a SNK  |b SNK  |y PREZ  |7 0  |p 17A0866514  |o snkČSC 5/B/106(53)/2012  |i snk2012/24558  |8 0  |f 1  |0 0  |1 0  |4 0  |d 2012-11-28  |l 0  |r 2026-02-21 21:13:18  |w 2026-02-21 
952 |a SNK  |b SNK  |y PREZ  |7 0  |p 17A0866533  |o snkČSC 5/B/106(53)/2012 D1  |i snk2012/24559  |8 0  |0 0  |1 0  |4 0  |d 2012-11-28  |l 0  |r 2026-02-21 21:13:18  |w 2026-02-21 
952 |a SNK  |b SNK  |y PREZ  |7 0  |p 17A1045865  |o snkČSC 5/B/107(54)/2013  |i snk2014/12447  |8 0  |f 1  |0 0  |1 0  |4 0  |d 2014-05-27  |l 0  |r 2026-02-21 21:14:33  |w 2026-02-21 
952 |a SNK  |b SNK  |y PREZ  |7 0  |p 17A1045866  |o snkČSC 5/B/107(54)/2013 D1  |i snk2014/12448  |8 0  |0 0  |1 0  |4 0  |d 2014-05-27  |l 0  |r 2026-02-21 21:14:33  |w 2026-02-21 
952 |a SNK  |b SNK  |y PREZ  |7 0  |p 17A0011584  |o snkČSC 5/B/89(36)/1995  |i snkKSP 7829/1996  |f 1  |0 0  |1 0  |4 0  |d 1996-09-25  |l 0  |r 2005-01-01 00:00:00  |w 2026-02-21 
952 |a SNK  |b SNK  |y NEVYP  |7 0  |o snkC 61  |i snk102/980121  |0 0  |1 0  |4 0  |d 1998-01-21  |l 0  |r 2005-01-01 00:00:00  |w 2026-02-21 
952 |t 91(38)/1997  |a SNK  |b SNK  |y NEVYP  |7 0  |o snkC 960  |i snk1806/981215  |0 0  |1 0  |4 0  |d 1998-12-14  |l 0  |r 2005-01-02 00:00:00  |w 2026-02-21 
952 |a SNK  |b SNK  |y PREZ  |7 0  |p 17A0171884  |o snkČSC 5/B/91(38)/1997  |i snkKSP 11572/1998  |f 1  |0 0  |1 0  |4 0  |d 1998-12-14  |l 0  |r 2005-01-02 00:00:00  |w 2026-02-21 
952 |a SNK  |b SNK  |y PREZ  |7 0  |p 17A0171885  |o snkČSC 5/B/91(38)/1997 D1  |i snkKSP 11573/98  |0 0  |1 0  |4 0  |d 1998-12-14  |l 0  |r 2005-01-02 00:00:00  |w 2026-02-21 
952 |a SNK  |b SNK  |y PREZ  |7 0  |p 17A0352424  |o snkČSC 5/B/95(42)/2001  |i snkKSP 9276/2002  |0 0  |1 0  |4 0  |d 2002-08-05  |l 0  |r 2005-01-02 00:00:00  |w 2026-02-21 
952 |a SNK  |b SNK  |y PREZ  |7 0  |p 17A0446794  |o snkČSC 5/B/98(45)/2004  |i snk2005/6482  |8 0  |f 1  |0 0  |1 0  |4 0  |d 2005-04-19  |l 0  |r 2026-02-21 21:21:18  |w 2026-02-21 
952 |a SNK  |b SNK  |y PREZ  |7 0  |p 17A0446795  |o snkČSC 5/B/98(45)/2004 D1  |i snk2005/6483  |8 0  |0 0  |1 0  |4 0  |d 2005-04-19  |l 0  |r 2026-02-21 21:21:18  |w 2026-02-21 
952 |a SNK  |b SNK  |y PREZ  |7 0  |p 17A1433583  |o snkČSC 5/B/114(61)/2020  |i snk2021/5411  |8 0  |f 1  |0 0  |1 0  |4 0  |d 2021-05-21  |l 0  |r 2026-02-21 21:29:39  |w 2026-02-21 
952 |a SNK  |b SNK  |y PREZ  |7 0  |p 17A1433584  |o snkČSC 5/B/114(61)/2020 D1  |i snk2021/5413  |8 0  |0 0  |1 0  |4 0  |d 2021-05-21  |l 0  |r 2026-02-21 21:29:39  |w 2026-02-21 
952 |a SNK  |b SNK  |y PREZ  |7 0  |p 17A0582481  |o snkČSC 5/B/101(48)/2007  |i snk2008/14458  |8 0  |f 1  |0 0  |1 0  |4 0  |d 2008-07-23  |l 0  |r 2026-02-21 21:30:00  |w 2026-02-21 
952 |a SNK  |b SNK  |y PREZ  |7 0  |p 17A0582482  |o snkČSC 5/B/101(48)/2007 D1  |i snk2008/14459  |8 0  |0 0  |1 0  |4 0  |d 2008-07-23  |l 0  |r 2026-02-21 21:30:00  |w 2026-02-21 
952 |a SNK  |b SNK  |y PREZ  |7 0  |p 17A0736884  |o snkČSC 5/78(25)/1984  |i snkKSP 5754/1984  |f 1  |0 0  |1 0  |4 0  |d 2013-10-18  |l 0  |r 2026-02-21 21:32:37  |w 2026-02-21 
952 |a SNK  |b SNK  |y PREZ  |7 0  |p 17A0196907  |o snkČSC 5/60(3)/1966 D1  |0 0  |1 0  |4 0  |d 1999-06-22  |l 0  |r 2005-01-02 00:00:00  |w 2026-02-21 
952 |a SNK  |b SNK  |y PREZ  |7 0  |p 17A0609641  |o snkČSC 5/B/102(49)/2008  |i snk2009/15827  |8 0  |f 1  |0 0  |1 0  |4 0  |d 2009-09-04  |l 0  |r 2026-02-21 21:41:35  |w 2026-02-21 
952 |a SNK  |b SNK  |y PREZ  |7 0  |p 17A0609642  |o snkČSC 5/B/102(49)/2008 D1  |i snk2009/15829  |8 0  |0 0  |1 0  |4 0  |d 2009-09-04  |l 0  |r 2026-02-21 21:41:35  |w 2026-02-21 
952 |a SNK  |b SNK  |y PREZ  |7 0  |p 17A0319647  |o snkČSC 5/62(3)/1968 D1  |0 0  |1 0  |4 0  |d 2001-10-30  |l 0  |r 2005-01-02 00:00:00  |w 2026-02-21 
952 |a SNK  |b SNK  |y PREZ  |7 0  |p 17A0086047  |o snkČSC 5/72(19)/1978  |i snkKSP 45/1979  |f 1  |0 0  |1 0  |4 0  |d 1997-07-24  |l 0  |r 2005-01-02 00:00:00  |w 2026-02-21 
952 |a SNK  |b SNK  |y PREZ  |7 0  |p 17A1387824  |o snkČSC 5/B/113(60)/2019  |i snk2020/13154  |8 0  |f 1  |0 0  |1 0  |4 0  |d 2020-07-23  |l 0  |r 2026-02-21 21:51:38  |w 2026-02-21 
952 |a SNK  |b SNK  |y PREZ  |7 0  |p 17A1387825  |o snkČSC 5/B/113(60)/2019 D1  |i snk2020/13155  |8 0  |0 0  |1 0  |4 0  |d 2020-07-23  |l 0  |r 2026-02-21 21:51:38  |w 2026-02-21 
952 |a SNK  |b SNK  |y PREZ  |7 0  |p 17A1100816  |o snkČSC 5/B/109(56)/2015  |i snk2016/17409  |8 0  |f 1  |0 0  |1 0  |4 0  |d 2016-07-20  |l 0  |r 2026-02-21 21:54:18  |w 2026-02-21 
952 |a SNK  |b SNK  |y PREZ  |7 0  |p 17A1100817  |o snkČSC 5/B/109(56)/2015 D1  |i snk2016/17410  |8 0  |0 0  |1 0  |4 0  |d 2016-07-20  |l 0  |r 2026-02-21 21:54:18  |w 2026-02-21 
952 |a SNK  |b SNK  |y PREZ  |7 0  |p 17A1324851  |o snkČSC 5/B/111(58)/2017  |i snk2018/7605  |8 0  |f 1  |0 0  |1 0  |4 0  |d 2018-04-03  |l 0  |r 2026-02-21 21:57:19  |w 2026-02-21 
952 |a SNK  |b SNK  |y PREZ  |7 0  |p 17A1324852  |o snkČSC 5/B/111(58)/2017 D1  |i snk2018/7606  |8 0  |0 0  |1 0  |4 0  |d 2018-04-03  |l 0  |r 2026-02-21 21:57:19  |w 2026-02-21 
952 |a SNK  |b SNK  |y PREZ  |7 0  |p 17A1205300  |o snkČSC 5/B/110(57)/2016  |i snk2017/7694  |8 0  |f 1  |0 0  |1 0  |4 0  |d 2017-03-29  |l 0  |r 2026-02-21 22:04:17  |w 2026-02-21 
952 |a SNK  |b SNK  |y PREZ  |7 0  |p 17A1205301  |o snkČSC 5/B/110(57)/2016 D1  |i snk2017/7697  |8 0  |0 0  |1 0  |4 0  |d 2017-03-29  |l 0  |r 2026-02-21 22:04:17  |w 2026-02-21 
952 |a SNK  |b SNK  |y PREZ  |7 0  |p 17A1343223  |o snkČSC 5/B/112(59)/2018  |i snk2019/4728  |8 0  |f 1  |0 0  |1 0  |4 0  |d 2019-02-19  |l 0  |r 2026-02-21 22:28:17  |w 2026-02-21 
952 |a SNK  |b SNK  |y PREZ  |7 0  |p 17A1343224  |o snkČSC 5/B/112(59)/2018 D1  |i snk2019/4729  |8 0  |0 0  |1 0  |4 0  |d 2019-02-19  |l 0  |r 2026-02-21 22:28:17  |w 2026-02-21